000
00333nam a22001457a 4500
008
221019b ||||| |||| 00| 0 eng d
020
_a
9780323320221
041
_a
eng
080
_a
610.73
082
_a
610.73 OTT
100
_a
8
101
_a
INF
245
_a
PEDIATRIC CLINICS OF NORTH AMERICA
_c
OTTOLINI M
942
_2
udc
_c
BK
999
_c
58604
_d
58604